Movies Quiz

Random Movies or Box Office Quiz
Score 0/20 Timer 05:00
3 Plays Today
Gross Movie % Correct
$623.9mIron Man 2
82.3%
$825.5mInception
77.5%
$960.3mHarry Potter and the Deathly Hallows Part 1
76.7%
$1,067.0mToy Story 3
73.7%
$1,025.5mAlice in Wonderland
64.5%
$329.4mBlack Swan
63.7%
$752.6mShrek Forever After
63.5%
$698.5mThe Twilight Saga: Eclipse
62.1%
$410.9mThe King's Speech
58.3%
$543.1mDespicable Me
57.5%
Gross Movie % Correct
$359.1mThe Karate Kid
51.6%
$494.9mHow to Train Your Dragon
36.7%
$591.8mTangled
36.2%
$321.9mMegamind
28.2%
$319.7mThe Last Airbender
25.4%
$321.7mRobin Hood
24.9%
$493.2mClash of the Titans
22.8%
$400.1mTRON: Legacy
18.1%
$336.4mPrince of Persia: The Sands of Time
14.5%
$415.7mThe Chronicles of Narnia: The Voyage of the Dawn Treader
8.7%
Remove Ads.
Support Sporcle.
Get the best of Sporcle when you Go Orange. This ad-free experience offers more features, more stats, and more fun while also helping to support Sporcle. Thank you for becoming a member.

You're not logged in!

Compare scores with friends on all Sporcle quizzes.
OR
Log In

Show Comments

Extras

Top Quizzes Today


Score Distribution

Your Account Isn't Verified!

In order to create a playlist on Sporcle, you need to verify the email address you used during registration. Go to your Sporcle Settings to finish the process.

Report this User

Report this user for behavior that violates our Community Guidelines.

Details: